000 00697nam1a22002291i 4500
001 rc\4623545
005 20240726013950.0
035 _a(NLR Aleph) 008401093
090 _a9236604
_c9236604
100 _a20130416d1962 |||y0rusy50 ca
101 0 _arus
102 _aRU
105 _a z |||||
200 1 _aПрицельные системы воздушной стрельбы
_eВып. 1-
210 _a[Москва]
_cВВИА им. проф. Н.Е. Жуковского
_d1962
215 _d22
333 _aДСП
700 1 _aМубаракшин
_bР.В.
_gРахим Валеевич
801 0 _aRU
_bNLR
_gpsbo
801 1 _aRU
_bELAR
_2rusmarc
852 _aNLR
_j62-5/3357
942 _cBOOK